Normal view
MARC view
- حقوق الانسان-جرائم الحرب-حقوق المراة-حقوق اللاجيئين- الارهاب
Entry Topical Term
001 - CONTROL NUMBER
- control field: 61551
003 - CONTROL NUMBER IDENTIFIER
- control field: JO-AjAnu
005 - DATE AND TIME OF LATEST TRANSACTION
- control field: 20230606084046.0
008 - FIXED-LENGTH DATA ELEMENTS
- fixed length control field: 230606|| aca||aabn | a|a d
040 ## - CATALOGING SOURCE
- Original cataloging agency: JO-AjAnu
- Transcribing agency: JO-AjAnu
150 ## - HEADING--TOPICAL TERM
- Topical term or geographic name entry element: حقوق الانسان-جرائم الحرب-حقوق المراة-حقوق اللاجيئين- الارهاب
670 ## - SOURCE DATA FOUND
- Source citation: Work cat.: (JO-AjAnu)31395: الدليمي، عباس فاضل, author 61550, الموسوعة الميسرة في حقوق الانسان: الحقوق الاقتصادية والاجتماعية والثقافية، ج5